Normal view
MARC view
- Cd-Rom
Entry Personal Name
001 - CONTROL NUMBER
- control field: 80258
003 - CONTROL NUMBER IDENTIFIER
- control field: NUST
005 - DATE AND TIME OF LATEST TRANSACTION
- control field: 20210628210628.0
008 - FIXED-LENGTH DATA ELEMENTS
- fixed length control field: 210628|| aca||aabn | a|a d
040 ## - CATALOGING SOURCE
- Original cataloging agency: NUST
- Transcribing agency: NUST
100 ## - HEADING--PERSONAL NAME
- Personal name: Cd-Rom
670 ## - SOURCE DATA FOUND
- Source citation: Work cat.: (NUST): Cd-Rom, It encyclopaedia.com e-commerce the edi way.on cd rom, 2001
